Normal view
MARC view
- Schaum's Outline of Theory and Problems of Heat Transfer
Entry Topical Term
001 - CONTROL NUMBER
- control field: 123540
003 - CONTROL NUMBER IDENTIFIER
- control field: NUST
005 - DATE AND TIME OF LATEST TRANSACTION
- control field: 20240612152212.0
008 - FIXED-LENGTH DATA ELEMENTS
- fixed length control field: 240612|| aca||aabn | a|a d
040 ## - CATALOGING SOURCE
- Original cataloging agency: NUST
- Transcribing agency: NUST
150 ## - HEADING--TOPICAL TERM
- Topical term or geographic name entry element: Schaum's Outline of Theory and Problems of Heat Transfer
670 ## - SOURCE DATA FOUND
- Source citation: Work cat.: (NUST): Pitts ,Donald .R 81114, Schaum's Outline of Theory and Problems of Heat Transfer , 1988.
